000 00520nam a2200217Ia 4500
003 OSt
005 20220924143203.0
006 a|||||r|||| 00| 0
007 ta
008 220923b |||||||| |||| 00| 0 ori d
024 _a307072
037 _cTextual
040 _aARTS
_cARTS
_bORI
041 _2ORI
_aORI
082 _aO15,1A2, 1591H2
100 _aMisra
245 0 _aMahabharatar Panchbir
260 _c1942
942 _hO15,1A2, 1591H2
_cTEXL
_2CC
999 _c453496
_d453496